01279cam a22003497a 4500003000500000005001700005008004100022010000900063011000900072035000900081040000900090090001000099100004400109245008600153260004000239300001900279502007500298590003700373590004100410590004100451590004100492590004100533590004100574590004200615650003900657650003300696901000700729942001000736949004100746999001500787952012700802CHAP20220329133429.0971013s1992 r 00010 d a6288 a7260 a6483 cCHAP aTesis00aChavarría Rodríguez, Irineo.922048 0aProducción ovina en la ganadería familiar de la cordillera del Tentzo, Puebla aChapingo, Méx. :bEl autor,c1992 a72 h.b; anexo aTesis (Ing. Agr. Esp. en Zootecnia) -- UACH. Departamento de Zootecnia aALEPHb10c20130110lUCH01h1218 aBATCH-UPDb10c20130110lUCH01h0050 aBATCH-UPDb10c20130110lUCH01h1659 aBATCH-UPDb10c20130409lUCH01h2037 aBATCH-UPDb10c20130410lUCH01h1048 aBATCH-UPDb10c20130914lUCH01h0919 aCONVERSIONb10c20130109lUCH01h130514aGanado lanarxProducción.94521414aGanado lanarxPuebla.945215 aBK cTESIS bBCcTESd-16085eTS1h25402i6483si c6288d6288 00102local4051708TESISaBCbBCcPA_TESISd2019-12-31fTESISl0oTesisp-16085r2019-12-31 00:00:00w2019-12-31yTESIS